000 01199nam a22003737a 4500
001 BR7302626
003 BR-BrBNA
005 20230928083930.0
007 ta
008 230509b bl.||||| |||| 00| 0 por d
040 _aBR-BrBNA
_bpor
_cBiblioteca Nacional de Agricultura
041 _a(Por)
072 _aF25
_b0180
_b0336
_b3830
_b3840
_b/G514
090 _ 0180 BR7302626
100 1 _aLanger, F.A.
100 1 _aDall'Agnol, A.
100 1 _aDotto, S.R.
100 1 _aBonato, E.R.
100 1 _aPan, C.L.
110 1 _aInstituto de Pesquisa Agropecuaria do Sul, Passo Fundo, RS (Brasil). Estacao Experimental de Passo Fundo
_96096
111 1 _a3. Reuniao Anual Conjunta de Pesquisa de Trigo
_cCuritiba, PR (Brazil)
_d1971
245 1 _aEfeito da adubacao de fosforo e calcario em trigo e do residual para trigo e soja [Triticum aestivum; Glycine max; Brasil]
260 3 _aPasso Fundo, RS (Brasil):
_c1971.
300 _a10 p.
500 _a7 tables
650 _aFertilidade do solo
650 _aTrigo
650 _aSoja
650 _aFertilizante fosfatado
650 _aCalcario
650 _aEfeito residual
909 _a202309
_bLucia
_c55
_dLucia Elande
942 _cBK
999 _c15898
_d15898